| 000 | 00901nam a2200277 4500 | ||
|---|---|---|---|
| 005 | 20240530110456.0 | ||
| 008 | 150613s2011 ua g b 000 0 ara d | ||
| 017 |
_a2011/11850 _bمصر . دار الكتب المصرية |
||
| 020 | _a9789774362777 | ||
| 040 | _aEG-CaGPL | ||
| 082 | 0 | 4 |
_221 _a291.213\ _bإ ذ |
| 100 | 0 | _aاسماعيل حامد | |
| 245 | 1 | 0 |
_aذو القرنين / _cتاليف اسماعيل حامد |
| 250 | _aط1 | ||
| 260 |
_aالقاهرة : _bمكتبة النافذة ، _c2011 . |
||
| 300 |
_a130 ص ؛ _c24 سم |
||
| 504 | _aببليوجرافية : ص 119 - 126 | ||
| 600 | 0 | 4 | _aكورش العظيم |
| 600 | 0 | 4 | _aالاسكندر الاكبر |
| 600 | 0 | 4 | _aاخناتون |
| 650 | 0 | 4 | _aذوالقرنين |
| 650 | 0 | 4 | _aياجوج وماجوج |
| 650 | 0 | 4 |
_aالملوك _xتاريخ |
| 942 |
_2ddc _cBK |
||
| 999 |
_c61375 _d61375 |
||